| 000 | 01242nam0a2200277 4500 | ||
|---|---|---|---|
| 001 | RU\NLR\BIBL_A\011528920 | ||
| 005 | 20260406113147.0 | ||
| 035 | _a(NLR Aleph) 011528920 | ||
| 090 |
_a12135493 _c12135493 |
||
| 100 | _a20171117d2000 |||y0rusy50 ca | ||
| 101 | 0 | _arus | |
| 102 | _aRU | ||
| 105 | _ay z 000zy | ||
| 200 | 1 |
_aНациональная библиотека Республики Саха (Якутия) _e(1990-2000 гг) _eотчет _fМинистерство культуры Республики Саха (Якутия), Национальная библиотека Республики Саха (Якутия) |
|
| 210 |
_aЯкутск _cКудук _d2000 |
||
| 215 |
_a63, [1] с. _d20 |
||
| 320 | _aБиблиогр.: с. 62-63 | ||
| 601 | 0 | 2 |
_aНациональная библиотека Республики Саха(Якутия) _jОтчеты _92198545 _3RU\NLR\AUTH\661321249 |
| 686 | 1 | _aЧ734(2)711.2 | |
| 710 | 0 | 2 |
_aНациональная библиотека Республики Саха (Якутия) _3RU\NLR\AUTH\889086 _9290683 |
| 942 | _cBOOK | ||
| 980 | _aNB | ||